000 01037nam a22002537a 4500
003 NALT
005 20251125233002.0
008 s2549 th tha d
020 _a9742883408
040 _aNALT
041 _atha
090 _aKS 47.3
_bม453ค 2549
100 0 _aมานิตย์ จุมปา
_915023
245 1 0 _aคำอธิบายสัญญาประนีประนอมยอมความ /
_cมานิตย์ จุมปา.
250 _aพิมพ์ครั้งที่ 2
260 _aกรุงเทพฯ :
_bวิญญูชน,
_c2549
300 _a103 หน้า ;
_c21 ซม.
650 0 4 _aกฎหมายแพ่งและพาณิชย์ -- ประนีประนอม
650 0 4 _aสัญญาประนีประนอมยอมความ
850 _aNALT
856 4 0 _uhttps://hdl.handle.net/20.500.14156/301764
942 _cLB
_2local
999 _c47533
_d47533
998 _j109
_k อารีรัตน์ วิชาช่าง